| Tag |
First Indicator |
Second Indicator |
Subfields |
| LEADER |
00000cam a2200000 a 4500 |
| 001 |
in00002652521 |
| 005 |
20170928101243.0 |
| 008 |
091217s2010 ilu b 001 0 eng c |
| 010 |
|
|
|a 2009053092
|
| 015 |
|
|
|a GBB085908
|2 bnb
|
| 016 |
7 |
|
|a 015605466
|2 Uk
|
| 020 |
|
|
|a 9780226260136 (hardcover : alk. paper)
|
| 020 |
|
|
|a 0226260135 (hardcover : alk. paper)
|
| 035 |
|
|
|a (OCoLC)ocn495547093
|
| 035 |
|
|
|a (OCoLC)495547093
|
| 040 |
|
|
|a ICU/DLC
|c DLC
|d YDX
|d YDXCP
|d UKM
|d CDX
|d BWX
|d UtOrBLW
|
| 042 |
|
|
|a pcc
|
| 049 |
|
|
|a TXAM
|
| 050 |
0 |
0 |
|a P302.7
|b .F73 2010
|
| 082 |
0 |
0 |
|a 808.3/93
|2 22
|
| 100 |
1 |
|
|a Frank, Arthur W.
|
| 245 |
1 |
0 |
|a Letting stories breathe :
|b a socio-narratology /
|c Arthur W. Frank.
|
| 264 |
|
1 |
|a Chicago :
|b University of Chicago Press,
|c 2010.
|
| 300 |
|
|
|a 209 pages ;
|c 24 cm.
|
| 336 |
|
|
|a text
|b txt
|2 rdacontent
|
| 337 |
|
|
|a unmediated
|b n
|2 rdamedia
|
| 338 |
|
|
|a volume
|b nc
|2 rdacarrier
|
| 504 |
|
|
|a Includes bibliographical references and index.
|
| 505 |
0 |
|
|a Six stories about stories -- The capacities of stories -- Stories at work -- Dialogical narrative analysis as a method of questioning -- Dialogical interpretation and stories' particular truth -- Exemplars of dialogical narrative analyses -- How stories can be good companions.
|
| 650 |
|
0 |
|a Discourse analysis, Narrative
|x Social aspects.
|
| 650 |
|
0 |
|a Narration (Rhetoric)
|x Social aspects.
|
| 650 |
|
0 |
|a Dialogue analysis
|x Social aspects.
|
| 650 |
|
0 |
|a Storytelling
|x Social aspects.
|
| 938 |
|
|
|a YBP Library Services
|b YANK
|n 3336336
|
| 938 |
|
|
|a Coutts Information Services
|b COUT
|n 11528144
|
| 938 |
|
|
|a Blackwell Book Service
|b BBUS
|n R6870552
|c $25.00
|
| 945 |
|
|
|a PromptCat
|b 160687
|
| 946 |
|
|
|a stk
|
| 947 |
|
|
|a A14840551103
|
| 994 |
|
|
|a 92
|b TXA
|
| 948 |
|
|
|a Cataloged
|b h
|c 2010/12/9
|d c
|e ibarton
|f 3:36:16 PM
|
| 999 |
|
|
|a MARS
|
| 999 |
f |
f |
|s 019d0f46-1be7-3756-b6e5-e26a518b42b9
|i 46cb3b21-37c0-3507-b956-0549a1f77dd9
|t 0
|
| 952 |
f |
f |
|p normal
|a Texas A&M University
|b College Station
|c Sterling C. Evans Library
|d Evans: Library Stacks
|t 0
|e P302.7 .F73 2010
|h Library of Congress classification
|i unmediated -- volume
|m A14840551103
|
| 998 |
f |
f |
|a P302.7 .F73 2010
|t 0
|l Evans: Library Stacks
|